The Economics of Travel and Tourism / 2nd Edition (Record no. 2635)
[ view plain ]
| 000 -LEADER | |
|---|---|
| fixed length control field | 01479cam a22002054a 4500 |
| 005 - ΗΜΕΡΟΜΗΝΙΑ ΚΑΙ ΩΡΑ ΤΕΛΕΥΤΑΙΑΣ ΕΝΗΜΕΡΩΣΗΣ | |
| Πεδίο ελέγχου | 20250605164049.0 |
| 008 - FIXED-LENGTH DATA ELEMENTS--GENERAL INFORMATION | |
| Πεδίο ελέγχου σταθερού μήκους | 250528s ||||||||||||||||||||||||d |
| 035 ## - SYSTEM CONTROL NUMBER | |
| System control number | 17201 |
| 020 ## - ISBN | |
| ISBN | 58280731 |
| 040 ## - ΠΗΓΗ ΚΑΤΑΛΟΓΟΓΡΑΦΗΣΗΣ | |
| Φορέας πρωτότυπης καταλογογράφησης | MC Athens Campus Library |
| Γλώσσα καταλογογράφησης | Ελληνικά, Μοντέρνα (1453-) |
| Modifying agency | MC Athens Campus Library |
| Κανόνες περιγραφικής καταλογογράφησης | AACR2 |
| 245 1# - ΤΙΤΛΟΣ ΚΑΙ ΔΗΛΩΣΗ ΥΠΕΥΘΥΝΟΤΗΤΑΣ | |
| Τίτλος | The Economics of Travel and Tourism / 2nd Edition |
| 250 ## - EDITION STATEMENT | |
| Edition statement | 2nd |
| 260 ## - PUBLICATION, DISTRIBUTION, ETC. | |
| Name of publisher, distributor, etc. | Longman, |
| Date of publication, distribution, etc. | 1995 |
| 300 ## - PHYSICAL DESCRIPTION | |
| Extent | 268 |
| 520 ## - SUMMARY, ETC. | |
| Summary, etc. | The industries which collectively provide travel and tourism services worldwide are some of the fastest growing anywhere. This book examines the economics of those countries and their customer markets - tourists. It clearly identifies the special factors within tourism which distinguish its analysis, in economic terms, from other activities. Introduction, Preface, Resources in Tourism, Tourism Types, The Economics of Tourism Demand, Tourism Enterprises, Supplying Travel and Tourism Products, Equilibrium in Tourism Markets, Growth and Change in Tourist Demand - The Case of Central Florida, Tourism Supply in Prague and Czech Republic, Tourism Growth and National Economies, Employment and Income Creation, Unpriced Values and Externalities, The Balance of Tourism Payments: Tourism's External Account, Multinationals in Travel and Tourism, The Economic Roles of Government, Tourism Investment, Club Mediterranean, Local Government and Tourism, List of Abbreviations, Bibliography, Index. |
| 700 1# - ΠΡΟΣΘΕΤΗ ΑΝΑΓΡΑΦΗ--ΦΥΣΙΚΟ ΠΡΟΣΩΠΟ | |
| Personal name | Bull Adrian |
| 9 (RLIN) | 3363 |
| 942 ## - ADDED ENTRY ELEMENTS (KOHA) | |
| Koha item type | Books |
| Τύπος τεκμηρίου | Βιβλιοθήκη | Τρέχουσα τοποθεσία | Barcode | Αριθμός εισαγωγής | Ημερομηνία απόκτησης | Ταξιθετικό σύμβολο | Αριθμός αντιτύπου | Κατάσταση απόσυρσης | Κατάσταση χαμένου | Κατάσταση κατεστραμμένου | Μη δανεισμός | Σύνολο δανεισμών | Ημερομηνία τελευταίας εμφάνισης | Η τιμή ισχύει από |
|---|---|---|---|---|---|---|---|---|---|---|---|---|---|---|
| Books | MC Athens Campus Library | MC Athens Campus Library | 9780000026347 | 8611 | 05/06/2025 | 338.4791 BUL | 1 | 05/06/2025 | 05/06/2025 |